000 01313nam a22002657a 4500
005 20121010141910.0
008 121010t xxu||||| |||| 00| 0 mar d
010 _aMAR-22885
020 _c320.00
_a9788184984132
035 _aMR-15543
037 _bDBAD/PUB
040 _aDPL
_bMR
082 _a823
100 _953016
_aनायर, अनिता
245 _aविस्मरणातच सर्वकाही /
_cअनिता नायर ; स्मिता लिमये द्वारा अनुवादित
246 _aVismrantach Sarvkahi
_bby Anita Naiyar
260 _aपुणे
_bमेहता पब्लिशिंग हाऊस
_c2012
270 _bपुणे
_a1941,सदाशिव पेठ,माडीवाले कॉलनी,
_e411030
300 _a310पृ
_c21सेमी(अजिल्द)
650 _aअँग्रेजी कादंबरी
_xमराठी भाषा में अनुवादित
_954476
650 _aEnglish Fiction
_xTranslated Into Marathi
_954477
700 _aलिमये, स्मिता
_954465
942 _2ddc
_cMR
_mनायर
_h823
999 _c72343
_d72343